00234nam a22001097a 4500003000400000020001800004082001300022100001700035245003900052260002500091300000800116SGT a81-261-2244-7 a370bNAN aNANDA, V.K.  aEDUCATION EMERGING INDIAN SOCIETY  aDELHI bANMOL c2008 a390